Marie Curie y su tiempo / (Record no. 185224)

MARC details
000 -LEADER
campo de control de longitud fija 01099nam a2200277 i 4500
001 - NÚMERO DE CONTROL
campo de control 185224
003 - IDENTIFICADOR DE NÚMERO DE CONTROL
campo de control SpMaBN
005 - FECHA Y HORA DE LA ÚLTIMA TRANSACCIÓN
campo de control 20251222203951.0
008 - DATOS DE LONGITUD FIJA--INFORMACIÓN GENERAL
campo de control de longitud fija 160419s2003 sp |||| |bspa d
080 ## - NÚMERO DE LA CLASIFICACIÓN DECIMAL UNIVERSAL
Número de la Clasificación Decimal Universal 929:53 Curie, Marie
100 1# - ENTRADA PRINCIPAL--NOMBRE DE PERSONA
Nombre de persona Sánchez Ron, José Manuel,
Fechas asociadas al nombre 1949-
9 (RLIN) 102904
245 10 - MENCIÓN DEL TÍTULO
Título Marie Curie y su tiempo /
Mención de responsabilidad, etc. José Manuel Sánchez Ron ; prólogo de José María Fernández-Rúa.
250 ## - MENCION DE EDICION
Mención de edición Ed. especial para este periódico.
260 ## - PUBLICACIÓN, DISTRIBUCIÓN, ETC.
Lugar de publicación, distribución, etc. [Barcelona] :
Nombre del editor, distribuidor, etc. ABC :
-- Folio,
Fecha de publicación, distribución, etc. 2003.
300 ## - DESCRIPCIÓN FÍSICA
Extensión 287 p. ;
Dimensiones 21 cm.
490 1# - MENCIÓN DE SERIE
Mención de serie Biblioteca ABC. Protagonistas del s. XX ;
Designación de volumen o secuencia 13. Las biografías que construyeron el siglo
500 ## - NOTA GENERAL
Nota general Índice.
504 ## - NOTA DE BIBLIOGRAFÍA, ETC.
Nota de bibliografía, etc. Bibliografía: p. [263]-278.
600 14 - PUNTO DE ACCESO ADICIONAL DE MATERIA--NOMBRE DE PERSONA
Nombre de persona Curie, Marie,
Fechas asociadas al nombre 1867-1934
9 (RLIN) 242639
700 1# - ENTRADA AGREGADA--NOMBRE PERSONAL
Nombre de persona Fernández-Rúa, José María.
9 (RLIN) 159389
710 2# - ENTRADA AGREGADA--NOMBRE DE ENTIDAD CORPORATIVA
Nombre de entidad corporativa o nombre de jurisdicción como elemento de entrada Diario ABC.
9 (RLIN) 1137
830 00 - PUNTO DE ACCESO ADICIONAL DE SERIE-TÍTULO UNIFORME
Título uniforme Biblioteca ABC. Protagonistas del s. XX
Designación de volumen o secuencia 13. Las biografías que construyeron el siglo
9 (RLIN) 192266
852 ## - LOCALIZACIÓN
Ubicación ES-MaACL
Número de control de estantería A-13701
itemnumber 192244
Sublocalización o colección R.150376
Ubicación en estantería Depósito 1
Signatura antigua Olim: N-6701
Encuadernación enc. cart.
942 ## - ELEMENTOS DE ENTRADA SECUNDARIOS (KOHA)
Fuente del sistema de clasificación o colocación Clasificación decimal universal
Holdings
Estatus retirado Estado de pérdida Fuente del sistema de clasificación o colocación Estado de daño No para préstamo Biblioteca de origen Biblioteca actual Ubicación en estantería Fecha de adquisición Fuente de adquisición Total de préstamos Signatura topográfica completa Código de barras Visto por última vez Precio de reemplazo Tipo de ítem Koha
    Clasificación decimal universal     Biblioteca del Ateneo de Madrid Biblioteca del Ateneo de Madrid Depósito 1 19/04/2016 Donación   A-13701 1195126 23/02/2023 23/02/2023 Libro impreso